| 000 | 00556nam a22001937a 4500 | ||
|---|---|---|---|
| 999 |
_c9333 _d9333 |
||
| 003 | AR-CdUCM | ||
| 008 | 190327b ||||| |||| 00| 0 spa d | ||
| 040 |
_aMUNICIPALIDAD PROVINCIAL DEL CUSCO _cBIBLIOTECA MUNICIPAL DEL CUSCO |
||
| 082 |
_a866.3 / _bD49 |
||
| 100 |
_aDelgado, Whashington _925461 |
||
| 245 | _aParque / | ||
| 260 |
_aLima : _bLa Rama Florida , _c1965. |
||
| 300 |
_a17 páginas ; _c21.5 cm. |
||
| 650 |
_aPoesia Retorica _92800 |
||
| 650 |
_aPoesia Limena _917928 |
||
| 650 |
_aPoesia Peruana _9280 |
||
| 942 |
_2ddc _cLIBROS |
||
| 945 | _artm | ||